Southville International School and Colleges
Your cart is empty.
  • Cart
  • Lists
    Public lists Eva Luna New books Lux_list list_1
    Your lists Log in to create your own lists
  • Log in to your account
  • Your cookies
  • Search history
Southville International School and Colleges
  • Advanced search
  • Recent comments
  • Most popular
  • Libraries

Log in to your account

Log in with GOOGLE


If you do not have an external account, but do have a local account, you can still log in:

  1. Home
  2. MARC view: Natalie Tan's book of luck & fortune /
Normal view MARC view ISBD view

Natalie Tan's book of luck & fortune / (Record no. 366467)

[ view plain ]
MARC details
000 -LEADER
fixed length control field 00704nam a22002297a 4500
003 - CONTROL NUMBER IDENTIFIER
control field 0
005 - DATE AND TIME OF LATEST TRANSACTION
control field 20241008083912.0
008 - FIXED-LENGTH DATA ELEMENTS--GENERAL INFORMATION
fixed length control field 241008b xxu||||| |||| 00| 0 eng d
020 ## - INTERNATIONAL STANDARD BOOK NUMBER
International Standard Book Number 9781984803252
050 ## - LIBRARY OF CONGRESS CALL NUMBER
Classification number PR 9199
Item number .L732 2019
100 ## - MAIN ENTRY--PERSONAL NAME
Personal name Lim, Roselle,
Relator term author.
245 ## - TITLE STATEMENT
Title Natalie Tan's book of luck & fortune /
Statement of responsibility, etc Roselle Lim.
250 ## - EDITION STATEMENT
Edition statement 1st ed.
260 ## - PUBLICATION, DISTRIBUTION, ETC. (IMPRINT)
Place of publication, distribution, etc New York :
Name of publisher, distributor, etc Berkley,
Date of publication, distribution, etc 2019.
300 ## - PHYSICAL DESCRIPTION
Extent ix, 299 p. ;
Dimensions 21 cm.
500 ## - GENERAL NOTE
General note Includes readers guide with discussion questions.
650 ## - SUBJECT ADDED ENTRY--TOPICAL TERM
Topical term or geographic name as entry element Chinese Americans
Form subdivision Fiction.
650 ## - SUBJECT ADDED ENTRY--TOPICAL TERM
Topical term or geographic name as entry element Families
Form subdivision Fiction.
650 ## - SUBJECT ADDED ENTRY--TOPICAL TERM
Topical term or geographic name as entry element Cooking, Chinese
Form subdivision Fiction.
651 ## - SUBJECT ADDED ENTRY--GEOGRAPHIC NAME
Geographic name Chinatown (San Francisco, Calif.)
Form subdivision Fiction.
942 ## - ADDED ENTRY ELEMENTS (KOHA)
Source of classification or shelving scheme Library of Congress Classification
Koha item type Books
Holdings
Withdrawn status Lost status Source of classification or shelving scheme Damaged status Home library Current library Shelving location Date acquired Source of acquisition Sub Shelving location Total Checkouts Full call number Barcode Date last seen Date checked out Price effective from Koha item type
    Library of Congress Classification   Luxembourg Library Luxembourg Library Fiction Section 10/08/2024 Library Fund   1 PR 9199 .L732 2019 21283 09/20/2025 09/17/2025 10/08/2024 Books

Natalie Tan's book of luck & fortune /

APA

Lim R., . (2019). Natalie Tan's book of luck & fortune. New York: Berkley.

Chicago

Lim Roselle, . 2019. Natalie Tan's book of luck & fortune. New York: Berkley.

Harvard

Lim R., . (2019). Natalie Tan's book of luck & fortune. New York: Berkley.

MLA

Lim Roselle, . Natalie Tan's book of luck & fortune. New York: Berkley. 2019.

  • Place hold
  • Print
  • Cite
  • Add to your cart (remove)
  • Save record
    BIBTEX Dublin Core MARCXML MARC (non-Unicode/MARC-8) MARC (Unicode/UTF-8) MARC (Unicode/UTF-8, Standard) MODS (XML) RIS
  • More searches
    Search for this title in:
    Other Libraries (WorldCat) Other Databases (Google Scholar) Online Stores (Bookfinder.com) Open Library (openlibrary.org)

Exporting to Dublin Core...

SOUTHVILLE LIBRARY

Southville International School and Colleges Library

1281 Tropical Ave. Cor. Luxembourg St., BF Homes International, Las Pinas City

Tel. No. 8256374 / 252358 Loc. 117/146

Powered by Koha